100 Premiers Mots de Harry Potter et la Chambre des secrets - Statistiques

Statistiques générales
  • Ce quiz a été pris 553 fois
  • Le résultat moyen est 45 sur 100
Statistiques - réponses
Mot % Correct
Harry.
93%
Harry
93%
la
89%
à
88%
a
88%
de
87%
du
86%
il
75%
se
73%
Ce
67%
ce
67%
un
67%
Vernon
66%
Dursley
64%
chambre
60%
pas
59%
une
59%
son
58%
– Elle
57%
Elle
57%
je
57%
4,
54%
au
54%
Drive.
54%
Privet
54%
qui
53%
tu
52%
– Tu
52%
pour
51%
maison
50%
dans
49%
par
48%
avait
46%
me
46%
chouette,
45%
fois
43%
été
41%
neveu
41%
première
41%
n'était
40%
Si
40%
Mr
39%
s'en
38%
nuit.
37%
cette
35%
plus
33%
petit
32%
peu
30%
qu'elle
28%
n'es
27%
qu'une
26%
– C'est
24%
dispute
24%
éclatait
23%
moins
23%
déjeuner
22%
prends
21%
réveillé
21%
sortir
21%
laisser
19%
s'ennuie,
19%
troisième
19%
aille !
18%
faudra
18%
hululement
18%
pouvais
18%
semaine !
18%
voler
17%
imbécile ?
16%
passait.
16%
provenait
16%
capable
15%
l'aube
15%
l'habitude
14%
sonore
13%
d'aller
11%
dit-il.
11%
tenta
11%
partout.
10%
d'expliquer
9%
ricana
6%
surveiller
6%
hurlait-il.
5%
Aucun quiz correspondant
Distribution des résultats
% des personnes avec chaque résultat
Percentile par nombre de réponses
Votre historique - résultats
Vous n’avez pas pris ce quiz